000 00346nam a2200145Ia 4500
008 150201s2009 xx 000 0 und d
082 _a617.6
_bG09B
100 _aBEREK,JONTHAN. S.
245 _aBRECK & NOVAK,S GYNEOCOLOGY
250 _a14TH
260 _bWOLTERKLUWER
_aDELHI
_c2009
300 _a1-1671
650 _aDENTISTRY
942 _2ddc
_cBK
999 _c375
_d375